| 000 | 00681nam a2200157 a 4500 | ||
|---|---|---|---|
| 008 | 120416s0000 ||||||||||||||||| || u | ||
| 020 | _a0023636106 | ||
| 050 | _aTK 5101 Kil | ||
| 100 | _aKillen, Harold B | ||
| 245 | 1 | 0 | _aSolutions manual modern electronic communication techniques |
| 260 |
_aNew York _bMcGraw-Hill _c1985 |
||
| 300 | _a(iv), 151p. : ill | ||
| 350 | _a0.00 | ||
| 995 |
_aANNEX COLLECTION (Main Library) _D0.00 _e712666 _FCBU-MAIN LIBRARY (Kitwe) _H2 _I27.00 _jTK 5101 Kil _UAVAILABLE _y017346 _ZAnnex Low-Usage Collection |
||
| 995 |
_aBINDERY (DAMAGED) _D0.00 _e720788 _FCBU-MAIN LIBRARY (Kitwe) _H1 _I27.00 _jTK 5101 Kil _UDAMAGED _y017347 _ZMain Library Open Access Collection |
||
| 999 |
_c76653 _d76653 |
||